MARC details
| 000 -CABECERA |
| campo de control de longitud fija |
02374nab a2200289 a 4500 |
| 005 - FECHA Y HORA DE LA ÚLTIMA TRANSACCIÓN |
| campo de control |
20250924063922.0 |
| 008 - ELEMENTOS DE LONGITUD FIJA--INFORMACIÓN GENERAL |
| campo de control de longitud fija |
991125c2017 sp fr p o 000 0 spa d |
| 035 ## - NÚMERO DE CONTROL DEL SISTEMA |
| Número de control de sistema |
UPN01000228207 |
| 040 ## - FUENTE DE LA CATALOGACIÓN |
| Centro catalogador/agencia de origen |
UPN |
| Lengua de catalogación |
spa |
| Centro/agencia transcriptor |
UPN |
| Normas de descripción |
aacr2 |
| 049 ## - COLECCIÓN |
| Colección |
ART-E |
| 100 1# - ASIENTO PRINCIPAL--NOMBRE PERSONAL |
| Nombre de persona |
Rodríguez Martínez, María del Carmen |
| Enlace |
- marrodmar@uma.es |
| 100 1# - ASIENTO PRINCIPAL--NOMBRE PERSONAL |
| Nombre de persona |
Ortega Fernández, Emilio |
| 100 1# - ASIENTO PRINCIPAL--NOMBRE PERSONAL |
| Nombre de persona |
Sánchez Vega, Elena |
| 245 10 - MENCIÓN DE TÍTULO |
| Título |
Aplicación de nuevas tecnologías en personas mayores con trastorno cognitivo leve-moderado desde la Terapia Ocupacional |
| Medio |
[recurso electrónico en línea] |
| 506 0# - NOTA DE RESTRICCIONES AL ACCESO |
| Limitaciones de acceso |
Acceso abierto |
| 520 3# - NOTA DE RESUMEN, ETC. |
| Sumario, etc. |
Esta revisión bibliográfica pretende ofrecer una visión de las posibilidades que ofrecen las nuevas tecnologías a personas mayores con deterioro cognitivo levemoderado para retardar o frenar los síntomas de deterioro cognitivo. Actualmente, las nuevas tecnologías de la información y la comunicación tienen mucho protagonismo y se han convertido en una herramienta con mucho potencial para este tipo de personas. Para ello, se han analizado una serie de estudios sobre el uso de las nuevas tecnologías en personas mayores con trastornos cognitivos con el fin de ofrecer una visión más clara sobre los datos obtenidos hasta el día de hoy respecto a este campo de investigación en terapia ocupacional. Se seleccionaron un total de 204 artículos, tras un proceso de duplicación y tras pasar diferentes herramientas de calidad, quedaron un total de 7 artículos. Los resultados encontrados indican que las nuevas tecnologías contribuyen a disminuir algunos síntomas asociados a la enfermedad, como la ansiedad y la depresión, mejorando además ciertas funciones cognitivas en personas que tienen un deterioro cognitivo leve-moderado, siendo importante combinarlas con las terapias tradicionales. |
| 650 #2 - ASIENTO SECUNDARIO DE MATERIA - TERMINO TEMATICO |
| Término de materia o nombre geográfico como elemento de entrada |
Terapia ocupacional |
| 9 (RLIN) |
19286 |
| 650 #4 - ASIENTO SECUNDARIO DE MATERIA - TERMINO TEMATICO |
| Término de materia o nombre geográfico como elemento de entrada |
Tecnologías de la información y comunicación |
| 9 (RLIN) |
21219 |
| 650 #2 - ASIENTO SECUNDARIO DE MATERIA - TERMINO TEMATICO |
| 9 (RLIN) |
27578 |
| Término de materia o nombre geográfico como elemento de entrada |
Adultos mayores |
| 653 0# - TERMINO DE INDIZACION - NO CONTROLADO |
| Término no controlado |
Deterioro cognitivo leve |
| 773 ## - ENLACE AL DOCUMENTO FUENTE/ENTRADA DE REGISTRO ANFITRIÓN |
| Parte(s) relacionada(s) |
Vol. 3, no. 1 (2017), p. 75-84 |
| Título |
Innoeduca. International journal of technology and educational innovation |
| Número Internacional Normalizado para Publicaciones Seriadas |
2444-2925 |
| 856 4# - LOCALIZACIÓN Y ACCESO ELECTRÓNICOS |
| Identificador Uniforme del Recurso |
<a href="http://www.revistas.uma.es/index.php/innoeduca/article/view/2037/2484">http://www.revistas.uma.es/index.php/innoeduca/article/view/2037/2484</a> |
| 856 4# - LOCALIZACIÓN Y ACCESO ELECTRÓNICOS |
| Identificador Uniforme del Recurso |
<a href="http://dx.doi.org/10.24310/innoeduca.2017.v3i1.2037">http://dx.doi.org/10.24310/innoeduca.2017.v3i1.2037</a> |
| 902 ## - ELEMENTOS DE DATOS B LOCAL, LDB (RLIN) |
| Creó |
Gloria Jimnénez |
| 905 ## - TIPO DE MATERIAL |
| Tipo de material |
Articulo |
| 942 ## - ELEMENTOS DE PUNTO DE ACCESO ADICIONAL (KOHA) |
| Tipo de ítem Koha |
Artículo Electrónico |